000 00414nam a22001697a 4500
999 _c8704
_d8704
003 OSt
008 200706b ||||| |||| 00| 0 eng d
020 _a9789374734711
082 _a628DAE
100 _aDas, P.C.
245 _aEnvironmental Biology
250 _a2011
260 _aNew Delhi
_bAITBS Publishers
300 _aPg. 231, Dimensions: 22 x 17 x 1.5 cm
650 _aBiology and EVS
942 _2ddc
_cBK